000 01521cam a2200133 4500500
005 20251214003238.0
041 _afre
042 _adc
100 1 0 _aRabeyron, Thomas
_eauthor
245 0 0 _aPsychologie clinique et psychopathologie : Cours, exemples cliniques, entraînement
260 _bArmand Colin,
_c2018.
520 _aCet ouvrage propose un panorama global de la psychologie clinique et de la psychopathologie. Il est composé de trois grandes parties : - une première partie comprenant des définitions, l’historique de la discipline ainsi que des éléments plus contemporains concernant les spécificités du métier de psychologue clinicien ; - une deuxième partie dévolue aux principales compétences du psychologue clinicien que sont l’observation clinique, l’entretien clinique et l’étude de cas ; - une troisième partie qui présente les grands organisateurs de la réalité psychique, les différentes formes de psychopathologie ainsi que plusieurs principes qui orientent le travail psychothérapique et les processus de symbolisation. Illustré de nombreuses vignettes cliniques, cet ouvrage est un véritable outil de travail permettant de se familiariser avec les notions. Il sera ainsi un guide précieux tout au long de la licence de psychologie afin de préparer dans les meilleures conditions l’entrée en Master de psychologie clinique.
856 4 1 _uhttps://shs.cairn.info/psychologie-clinique-et-psychopathologie--9782200619527?lang=fr&redirect-ssocas=7080
999 _c1567645
_d1567645